[Event "Cattolica op"]
[Site "Cattolica"]
[Date "2005.06.19"]
[Round "9"]
[White "Bonani, Georg"]
[Black "Nardi, Marco"]
[Result "1/2-1/2"]
[WhiteElo "1897"]
[BlackElo "2017"]
[PlyCount "83"]
[EventDate "2005.06.11"]
[EventType "swiss"]
[EventRounds "9"]
[EventCountry "ITA"]
[SourceTitle "EXT 2007"]
[Source "ChessBase"]
[SourceDate "2006.11.23"]
[SourceVersion "1"]
[SourceVersionDate "2006.11.23"]
[SourceQuality "1"]

1. e4 c5 2. Nf3 Nc6 3. d4 cxd4 4. Nxd4 e5 5. Nb5 d6 6. c4 Be7 7. Bd3 Nf6 8. Bg5 a6 9. N5c3 0-0 10. Bxf6 Bxf6 11. Nd2 g6 12. Nf3 Bg7 13. 0-0 f5 14. Qd2 f4 15. Rfd1 g5 16. Bf1 g4 17. Ne1 Qh4 18. g3 Qh5 19. Qxd6 Rf6 20. Qd3 Rh6 21. h4 gxh3 22. Be2 Qg6 23. Kh2 Nd4 24. Nf3 fxg3+ 25. fxg3 Qf7 26. Rf1 Rf6 27. Nd5 Nxf3+ 28. Rxf3 Rxf3 29. Qxf3 Qxf3 30. Bxf3 Bd7 31. Nb6 Rf8 32. Nxd7 Rxf3 33. Kxh3 Re3 34. Nc5 b6 35. Nxa6 Rxe4 36. b3 Re2 37. Nb4 e4 38. Rf1 e3 39. Nd5 Bd4 40. Kg4 Rxa2 41. Kf3 Rb2 42. b4 1/2-1/2

[Event "Cattolica op"]
[Site "Cattolica"]
[Date "2005.06.12"]
[Round "2"]
[White "Di Majo, Carlo"]
[Black "Bonani, Georg"]
[Result "1-0"]
[WhiteElo "1982"]
[BlackElo "1897"]
[PlyCount "123"]
[EventDate "2005.06.11"]
[EventType "swiss"]
[EventRounds "9"]
[EventCountry "ITA"]
[SourceTitle "EXT 2007"]
[Source "ChessBase"]
[SourceDate "2006.11.23"]
[SourceVersion "1"]
[SourceVersionDate "2006.11.23"]
[SourceQuality "1"]

1. d4 Nf6 2. Nf3 g6 3. Bf4 d6 4. h3 Bg7 5. e3 0-0 6. Be2 Nbd7 7. 0-0 c5 8. c3 b6 9. Nbd2 Bb7 10. Bh2 Rc8 11. a4 a5 12. Bb5 Nb8 13. Qe2 Nd5 14. Nc4 Nc6 15. e4 Nf6 16. e5 Ne8 17. dxc5 bxc5 18. Rfd1 d5 19. e6 f5 20. Nce5 Nxe5 21. Nxe5 Bxe5 22. Bxe5 Qb6 23. Bd7 Rd8 24. Qe3 Nf6 25. Qh6 Bc6 26. g4 fxg4 27. hxg4 Bxd7 28. exd7 Rxd7 29. Rd2 Qe6 30. f4 Qxg4+ 31. Rg2 Qh5 32. Qg5 Qxg5 33. Rxg5 Nh5 34. Rf1 e6 35. Rf3 Ng7 36. Rh3 Nf5 37. Rg2 Ne7 38. b4 cxb4 39. cxb4 axb4 40. Rc2 h5 41. Rg2 Kf7 42. Bd4 Nc6 43. Bc5 Ra8 44. Rhg3 Ne7 45. f5 Nxf5 46. Rxg6 Rxa4 47. Rg8 Kf6 48. R8g6+ Ke5 49. Re2+ Kf4 50. Rf2+ Ke4 51. Rxe6+ Kd3 52. Rxf5 Rg7+ 53. Kf2 Ra2+ 54. Kf3 d4 55. Rd6 b3 56. Bxd4 Rb7 57. Be3+ Kc4 58. Rd4+ Kc3 59. Rc5+ Kb2 60. Rd2+ Kb1 61. Rd1+ Kb2 62. Bc1+ 1-0

[Event "Campodarsego op-B 16th"]
[Site "Campodarsego"]
[Date "2005.01.22"]
[Round "3"]
[White "Bonani, Georg"]
[Black "Sanavio, Giancarlo"]
[Result "1-0"]
[WhiteElo "1892"]
[BlackElo "1685"]
[PlyCount "51"]
[EventDate "2005.01.21"]
[EventType "swiss"]
[EventRounds "5"]
[EventCountry "ITA"]
[SourceTitle "EXT 2024"]
[Source "ChessBase"]
[SourceDate "2023.10.10"]
[SourceVersion "1"]
[SourceVersionDate "2023.10.10"]
[SourceQuality "1"]

1. e4 d5 2. exd5 Nf6 3. d4 Nxd5 4. Nf3 Bg4 5. Be2 e6 6. 0-0 Be7 7. c3 c6 8. Nbd2 Nf4 9. Re1 Nxe2+ 10. Qxe2 Nd7 11. Nc4 Qc7 12. Ne3 Bh5 13. Nf5 Bf6 14. Qe4 0-0-0 15. Ng3 Bg6 16. Qe2 h5 17. Ne4 Be7 18. Neg5 Kb8 19. Nh4 Bd6 20. Nxg6 Rh6 21. Ne5 Nxe5 22. dxe5 Bc5 23. Ne4 Qxe5 24. Bxh6 g6 25. Nxc5 Qxc5 26. Rad1 1-0

[Event "San Martino di Castrozza op 3rd"]
[Site "San Martino di Castrozza"]
[Date "2002.07.01"]
[Round "1"]
[White "Bonani, Georg"]
[Black "Kleinschroth, Roland"]
[Result "0-1"]
[WhiteElo "1788"]
[BlackElo "2158"]
[PlyCount "66"]
[EventDate "2002.07.01"]
[EventType "swiss"]
[EventRounds "7"]
[EventCountry "ITA"]
[SourceTitle "EXT 2007"]
[Source "ChessBase"]
[SourceDate "2006.11.23"]
[SourceVersion "1"]
[SourceVersionDate "2006.11.23"]
[SourceQuality "1"]

1. e4 e5 2. f4 d5 3. exd5 c6 4. Nc3 cxd5 5. fxe5 d4 6. Ne4 Qd5 7. Qe2 Nc6 8. Nf3 Bg4 9. d3 0-0-0 10. Bf4 Re8 11. Kf2 f6 12. h3 Bxf3 13. Qxf3 Nxe5 14. Qg3 g5 15. Bd2 h6 16. Be2 f5 17. Nxg5 hxg5 18. Qxg5 Ne7 19. Qg3 Bh6 20. Bxh6 Rxh6 21. Bf3 Nxf3 22. Qxf3 Re6 23. Rhe1 Qxf3+ 24. Kxf3 Nd5 25. Rxe6 Rxe6 26. a3 Kd7 27. Rc1 Ke7 28. c4 dxc3 29. bxc3 Re3+ 30. Kf2 Rxd3 31. c4 Nc3 32. c5 Ne4+ 33. Kg1 Rc3 0-1

[Event "Bad Woerishofen op 17th"]
[Site "Bad Woerishofen"]
[Date "2001.??.??"]
[Round "4"]
[White "Bonani, Georg"]
[Black "Schuster, Gerhard"]
[Result "1/2-1/2"]
[WhiteElo "1794"]
[BlackElo "2154"]
[PlyCount "126"]
[EventDate "2001.03.15"]
[EventType "swiss"]
[EventRounds "9"]
[EventCountry "GER"]
[SourceTitle "CBM 081 Extra"]
[Source "ChessBase"]
[SourceDate "2001.05.06"]
[SourceVersion "1"]
[SourceVersionDate "2001.05.06"]
[SourceQuality "1"]

1. e4 c6 2. d4 d5 3. Nd2 dxe4 4. Nxe4 Nf6 5. Nxf6+ gxf6 6. Nf3 Bg4 7. Be2 Qc7 8. Be3 Nd7 9. Qd2 e5 10. 0-0-0 Rd8 11. Nh4 Be6 12. Kb1 Nb6 13. Qa5 Be7 14. Nf3 Rd5 15. Qe1 0-0 16. h3 Rfd8 17. g4 R5d7 18. g5 exd4 19. Nxd4 fxg5 20. Nxe6 fxe6 21. Rxd7 Qxd7 22. Qa5 Qd5 23. Qxd5 Rxd5 24. Rg1 Kf7 25. c3 h6 26. Bd4 Bf6 27. Bh5+ Ke7 28. Be3 Ra5 29. Rd1 Nd5 30. Bd2 Rb5 31. Kc2 Rb6 32. Be2 Be5 33. h4 Bf4 34. hxg5 hxg5 35. Bg4 Bxd2 36. Rxd2 c5 37. Rd1 Rd6 38. Rh1 Nf6 39. Bf3 Rd7 40. Rg1 g4 41. Bxg4 Nxg4 42. Rxg4 Kf6 43. a3 Kf5 44. f3 b5 45. a4 a6 46. Rh4 Rg7 47. axb5 axb5 48. Kd3 Rg2 49. b3 Rb2 50. b4 cxb4 51. cxb4 Rb3+ 52. Ke2 e5 53. Kf2 Ke6 54. Ke2 Kd5 55. Kf2 Rc3 56. Rg4 Rc4 57. Ke3 Rc3+ 58. Ke2 Rc2+ 59. Kd3 Rb2 60. Ke3 Rb3+ 61. Ke2 Rb2+ 62. Kd3 Rb3+ 63. Ke2 Rb2+ 1/2-1/2

[Event "Merano Gold Cup 29th"]
[Site "Merano"]
[Date "2001.??.??"]
[Round "9"]
[White "Bonani, Georg"]
[Black "Straub, Hermann"]
[Result "0-1"]
[WhiteElo "1707"]
[BlackElo "1785"]
[PlyCount "84"]
[EventDate "2001.05.??"]
[EventType "swiss"]
[EventRounds "9"]
[EventCountry "ITA"]
[SourceTitle "EXT 2005"]
[Source "ChessBase"]
[SourceDate "2004.11.15"]
[SourceVersion "1"]
[SourceVersionDate "2004.11.15"]
[SourceQuality "1"]

1. e4 b6 2. d4 e6 3. Nf3 Bb7 4. Bd3 c5 5. c3 Nf6 6. 0-0 Nxe4 7. Re1 Nf6 8. Bg5 Be7 9. Nbd2 0-0 10. Qc2 h6 11. Bh4 cxd4 12. cxd4 Nd5 13. Bxe7 Qxe7 14. a3 d6 15. Ne4 Nd7 16. Qd2 N5f6 17. Re2 Nxe4 18. Bxe4 Bxe4 19. Rxe4 Rac8 20. Re3 d5 21. Rae1 Rc7 22. Rc1 Rfc8 23. Rec3 Nf6 24. Rxc7 Rxc7 25. Rxc7 Qxc7 26. Ne5 Ne4 27. Qd1 Nd6 28. f3 f6 29. Ng4 Nf5 30. Kf2 Qc4 31. Ne3 Qxd4 32. Qxd4 Nxd4 33. g4 Kf7 34. h4 Nc6 35. Nc2 e5 36. Ke3 g6 37. b4 b5 38. Kd3 Ke6 39. Ke3 f5 40. Kd3 fxg4 41. fxg4 e4+ 42. Ke3 Ke5 0-1

[Event "Bad Woerishofen op 17th"]
[Site "Bad Woerishofen"]
[Date "2001.??.??"]
[Round "9"]
[White "Schmitzer, Peter"]
[Black "Bonani, Georg"]
[Result "1-0"]
[WhiteElo "2118"]
[BlackElo "1794"]
[PlyCount "55"]
[EventDate "2001.03.15"]
[EventType "swiss"]
[EventRounds "9"]
[EventCountry "GER"]
[SourceTitle "CBM 081 Extra"]
[Source "ChessBase"]
[SourceDate "2001.05.06"]
[SourceVersion "1"]
[SourceVersionDate "2001.05.06"]
[SourceQuality "1"]

1. d4 Nf6 2. Bg5 Ne4 3. Bf4 c5 4. d5 d6 5. f3 g5 6. Bc1 Nf6 7. Bxg5 Bg7 8. Nc3 0-0 9. e3 Kh8 10. Bd3 Rg8 11. f4 Bg4 12. Nf3 Bh5 13. 0-0 Bg6 14. Qe1 Bxd3 15. cxd3 Qd7 16. h3 b5 17. Qh4 b4 18. Ne4 Nxd5 19. Rae1 f5 20. Ng3 Nf6 21. e4 fxe4 22. Nxe4 Qf5 23. Ng3 Qd7 24. Nh5 Nd5 25. Nxg7 Rxg7 26. Bh6 Rg8 27. Ng5 Nf6 28. Nf7# 1-0

[Event "Secondario 15th"]
[Site "Caorle"]
[Date "1990.07.12"]
[Round "6.30"]
[White "Bonani, Georg"]
[Black "Ljubic, Ivan"]
[Result "0-1"]
[WhiteElo "1740"]
[BlackElo "2000"]
[PlyCount "52"]
[EventDate "1990.07.07"]
[EventType "swiss"]
[EventRounds "8"]
[EventCountry "ITA"]
[SourceTitle "EXT 2023"]
[Source "ChessBase"]
[SourceDate "2022.10.05"]
[SourceVersion "1"]
[SourceVersionDate "2022.10.05"]
[SourceQuality "1"]

1. e4 c5 2. Nf3 d6 3. d4 cxd4 4. Nxd4 Nf6 5. Nc3 e6 6. Bg5 Be7 7. f4 a6 8. Qf3 Qc7 9. 0-0-0 Nbd7 10. g4 b5 11. Bxf6 gxf6 12. a3 Rb8 13. h4 b4 14. axb4 Rxb4 15. g5 Nc5 16. Bh3 Bb7 17. Qe3 Qa5 18. Kb1 e5 19. fxe5 fxe5 20. Nf5 Qa3 21. Qc1 Qxc3 22. Nxd6+ Bxd6 23. Rxd6 Bxe4 24. Rhd1 0-0 25. Bg4 Na4 26. b3 Rxb3+ 0-1

[Event "Secondario 15th"]
[Site "Caorle"]
[Date "1990.07.08"]
[Round "2.16"]
[White "Stamenkovic, Boban"]
[Black "Bonani, Georg"]
[Result "1-0"]
[WhiteElo "2000"]
[BlackElo "1740"]
[PlyCount "71"]
[EventDate "1990.07.07"]
[EventType "swiss"]
[EventRounds "8"]
[EventCountry "ITA"]
[SourceTitle "EXT 2023"]
[Source "ChessBase"]
[SourceDate "2022.10.05"]
[SourceVersion "1"]
[SourceVersionDate "2022.10.05"]
[SourceQuality "1"]

1. e4 e5 2. Nf3 Nc6 3. Bc4 Nf6 4. Ng5 d5 5. exd5 Na5 6. Bb5+ c6 7. dxc6 bxc6 8. Be2 h6 9. Nf3 e4 10. Ne5 Bd6 11. d4 Qc7 12. Bd2 Be6 13. 0-0 Rb8 14. Qe1 Nb7 15. f4 0-0 16. b4 Nd8 17. a3 Nd7 18. c3 Nb6 19. Be3 Kh7 20. Qc1 f5 21. Nd2 Nf7 22. Ndc4 Be7 23. Nxf7 Bxc4 24. Bxc4 Nxc4 25. Ne5 Nb6 26. Qd2 Rbd8 27. Rad1 Bf6 28. Qe2 Nd5 29. Bd2 e3 30. Be1 Bxe5 31. dxe5 Qb6 32. c4 Nf6 33. c5 Qb5 34. Qxb5 cxb5 35. Rxd8 Rxd8 36. exf6 1-0